Statistics for United State of Pop 2007 songs

Click here to take the quiz!

General Stats

  • This quiz has been taken 2 times
  • The average score is 15 of 25

Answer Stats

Artist/BandSong% Correct
Avril LavigneGirlfriend
100%
Plain White T'sHey There Delilah
100%
The FrayHow to Save a Life
100%
Akon feat. EminemSmack That
100%
Gwen Stefani feat. AkonThe Sweet Escape
100%
Timbaland feat. Keri HilsonThe Way I Are
100%
Rihanna feat. Jay-ZUmbrella
100%
FergieBig Girls Don't Cry
50%
T-Pain feat. Yung JoyBuy U A Drank (Shawty Snappin')
50%
Soulja Boy Tell'EmCrank That (Soulja Boy)
50%
Gym Class Heroes feat. Patrick StumpCupid's Chokehold/Breakfast in America
50%
AkonDon't Matter
50%
FergieFergalicious
50%
Timbaland feat. Nelly Furtado and Justin TimberlakeGive it to Me
50%
DaughtryHome
50%
BeyoncéIrreplaceable
50%
DaughtryIt's Not Over
50%
Akon feat. Snoop DoggI Wanna Love You
50%
Maroon 5Makes Me Wonder
50%
Nelly FurtadoSay It Right
50%
MimsThis Is Why I'm Hot
50%
Justin TimberlakeWhat Goes Around... Comes Around
50%
Carrie UnderwoodBefore He Cheats
0%
Fergie feat. LudacrisGlamurous
0%
Shop BoyzParty Like a Rockstar
0%

Score Distribution

Percentile by Number Answered

Percent of People with Each Score

Your Score History

You have not taken this quiz